Normal view
MARC view
- MS Thesis Mechatronics Engineering
Entry Topical Term
001 - CONTROL NUMBER
- control field: 29296
003 - CONTROL NUMBER IDENTIFIER
- control field: NUST
005 - DATE AND TIME OF LATEST TRANSACTION
- control field: 20200806152745.0
008 - FIXED-LENGTH DATA ELEMENTS
- fixed length control field: 200806|| aca||aabn | a|a d
040 ## - CATALOGING SOURCE
- Original cataloging agency: NUST
- Transcribing agency: NUST
150 ## - HEADING--TOPICAL TERM
- Topical term or geographic name entry element: MS Thesis Mechatronics Engineering
670 ## - SOURCE DATA FOUND
- Source citation: Work cat.: (NUST): ALI HAIDER, JAVAID 29295, Classification of Hand-Movements using MYO Armband on an Embedded Platform /, 2018.
